[Event "Niederbayernliga 0708"]
[Site "Germany"]
[Date "2007.11.04"]
[Round "2.6"]
[White "Hartl, Manfred"]
[Black "Berger, Stefan2222"]
[Result "1/2-1/2"]
[WhiteElo "1769"]
[BlackElo "1831"]
[PlyCount "85"]
[EventDate "2007.10.21"]
[EventType "team"]
[EventRounds "9"]
[EventCountry "GER"]
[SourceTitle "EXT 2009"]
[Source "ChessBase"]
[SourceDate "2008.11.26"]
[SourceVersion "1"]
[SourceVersionDate "2008.11.26"]
[SourceQuality "1"]
[WhiteTeam "Grafenau"]
[BlackTeam "Simbach"]
[WhiteTeamCountry "GER"]
[BlackTeamCountry "GER"]

1. d4 Nf6 2. Nf3 e6 3. g3 b6 4. Bg2 Bb7 5. 0-0 Be7 6. c4 d5 7. Ne5 0-0 8. Nc3 Nbd7 9. cxd5 exd5 10. Qb3 c6 11. Nd3 Re8 12. e3 Bd6 13. Rd1 Qe7 14. Bd2 Ne4 15. Rac1 Rac8 16. Qa4 a5 17. Qb3 Ba6 18. Be1 Bc4 19. Qc2 Ndf6 20. b3 Ba6 21. Na4 Qa7 22. Nc3 Nxc3 23. Bxc3 Qd7 24. Ne5 Qe6 25. Re1 Ne4 26. Bxe4 dxe4 27. Bb2 f6 28. Nc4 Bxc4 29. Qxc4 Qxc4 30. bxc4 b5 31. c5 Bc7 32. Red1 Rcd8 33. Rd2 Rd5 34. a3 Kf7 35. Bc3 Ke6 36. Kg2 Rdd8 37. f4 h5 38. Rf2 Kf5 39. h4 g6 40. Kh3 Rd5 41. Rg1 Rh8 42. Rfg2 Ke6 43. Rc2 1/2-1/2

[Event "Niederbayernliga 0506"]
[Site "Germany"]
[Date "2005.??.??"]
[Round "2"]
[White "Hartl, Manfred"]
[Black "Angermeier, Gerhard"]
[Result "1-0"]
[WhiteElo "1767"]
[BlackElo "1720"]
[PlyCount "135"]
[EventDate "2005.??.??"]
[EventType "team"]
[EventRounds "9"]
[EventCountry "GER"]
[SourceTitle "EXT 2008"]
[Source "ChessBase"]
[SourceDate "2007.11.25"]
[SourceVersion "1"]
[SourceVersionDate "2007.11.25"]
[SourceQuality "1"]
[WhiteTeam "Grafenau"]
[BlackTeam "Eggenfelden"]
[WhiteTeamCountry "GER"]
[BlackTeamCountry "GER"]

1. d4 d5 2. Nf3 Nf6 3. g3 e6 4. Bg2 Be7 5. 0-0 0-0 6. Nbd2 c5 7. c4 Nc6 8. cxd5 exd5 9. dxc5 Bxc5 10. Nb3 Bb6 11. Bg5 h6 12. Bxf6 Qxf6 13. Qd2 Rd8 14. Nc1 Bf5 15. a3 Ba5 16. Qf4 g5 17. Qa4 Qxb2 18. Nd3 Qxe2 19. Nc5 b5 20. Qb3 Rab8 21. Rfc1 Bb6 22. Ra2 Qe7 23. Na6 Na5 24. Qb4 Rb7 25. Nc5 Bxc5 26. Rxc5 Nc4 27. Nd4 Be6 28. Nc6 Qe8 29. Nxd8 Qxd8 30. Rxb5 Rxb5 31. Qxb5 d4 32. Re2 Nxa3 33. Qa4 Nb1 34. Qc6 d3 35. Rxe6 fxe6 36. Qxe6+ Kg7 37. Qe5+ Kf8 38. Qh8+ Ke7 39. Qh7+ Kf6 40. Qxh6+ Ke5 41. Qg7+ Kd6 42. Qd4+ Ke7 43. Qxa7+ Kf8 44. Qc5+ Kg7 45. Qe5+ Kf8 46. Qh8+ Ke7 47. Qxd8+ Kxd8 48. Kf1 Nc3 49. Ke1 Nb1 50. Bh3 Ke7 51. Bf5 Kf6 52. Bxd3 Nc3 53. Kd2 Nd5 54. h3 Ke5 55. Ke2 Kd4 56. Ba6 Ke5 57. Kf3 Nf6 58. Bb7 Kf5 59. g4+ Ke5 60. Kg3 Ng8 61. h4 gxh4+ 62. Kxh4 Kf4 63. g5 Ne7 64. Kh5 Kf5 65. f3 Ke5 66. Be4 Ke6 67. Kh6 Kf7 68. Kh7 1-0